| 000 | 00698nam a2200217 a 4500 | ||
|---|---|---|---|
| 001 | 4067 | ||
| 005 | 20140414131959.0 | ||
| 008 | 081222s19uu xx 00 eng d | ||
| 020 | _a0-590-10390-3 | ||
| 050 |
_aTR 428 _bW12 1999 |
||
| 100 | _aWagstaff, Janiel M. | ||
| 245 |
_aTeaching reading and writing with word walls. Grade K-3 / _cby Janiel M. Wagstaff. |
||
| 260 |
_aNew York : _bScholastic, _cc1999. |
||
| 300 | _a112 p. : ill. ; cm. | ||
| 440 | _aScholastic Teaching Strategies. | ||
| 500 | _a"Grades K-3--Cover. Includes bibliographical references.(110-111) | ||
| 650 | _aLanguage arts (Elementary) | ||
| 650 |
_aTeaching _xAids and devices. |
||
| 999 |
_c113009 _d113009 |
||